<?xml version="1.0" encoding="UTF-8"?><?xml-stylesheet type="text/xsl" href="static/style.xsl"?><OAI-PMH xmlns="http://www.openarchives.org/OAI/2.0/" xmlns:xsi="http://www.w3.org/2001/XMLSchema-instance" xsi:schemaLocation="http://www.openarchives.org/OAI/2.0/ http://www.openarchives.org/OAI/2.0/OAI-PMH.xsd"><responseDate>2026-04-17T20:02:07Z</responseDate><request verb="GetRecord" identifier="oai:www.recercat.cat:2445/125241" metadataPrefix="marc">https://recercat.cat/oai/request</request><GetRecord><record><header><identifier>oai:recercat.cat:2445/125241</identifier><datestamp>2025-12-04T21:19:01Z</datestamp><setSpec>com_2072_1057</setSpec><setSpec>col_2072_478859</setSpec><setSpec>col_2072_478917</setSpec></header><metadata><record xmlns="http://www.loc.gov/MARC21/slim" xmlns:dcterms="http://purl.org/dc/terms/" xmlns:xsi="http://www.w3.org/2001/XMLSchema-instance" xmlns:doc="http://www.lyncode.com/xoai" xsi:schemaLocation="http://www.loc.gov/MARC21/slim http://www.loc.gov/standards/marcxml/schema/MARC21slim.xsd">
   <leader>00925njm 22002777a 4500</leader>
   <datafield ind2=" " ind1=" " tag="042">
      <subfield code="a">dc</subfield>
   </datafield>
   <datafield ind2=" " ind1=" " tag="720">
      <subfield code="a">Firmino, João</subfield>
      <subfield code="e">author</subfield>
   </datafield>
   <datafield ind2=" " ind1=" " tag="260">
      <subfield code="c">2018-10-10T09:53:28Z</subfield>
   </datafield>
   <datafield ind2=" " ind1=" " tag="260">
      <subfield code="c">2018-10-10T09:53:28Z</subfield>
   </datafield>
   <datafield ind2=" " ind1=" " tag="260">
      <subfield code="c">2018</subfield>
   </datafield>
   <datafield ind2=" " ind1=" " tag="520">
      <subfield code="a">Using student-level longitudinal data of 6th graders I estimate class composition effects impacting on individual academic achievement. The richness of the dataset allows to tackle endogeneity stemming from between and within-school non-random sorting of students and of teachers and other confounding factors through the inclusion of many control covariates that characterize the students’ cumulative process of learning and several fixed effects, namely school, teacher and cohort fixed effects. I find that increasing the percentage of high achievers, in a 6th grade class, has a negative effect on student performance. Larger shares of low-income classmates improve performance for non-low-income students. The shares of male and foreign students yield non or faintly significant results. Using the setup of a particular school, representative of the sample, I also compute improving classrooms’ allocation of students by rearranging the existing students through the existing classes using the estimates of the education production function and different social welfare functions. This way I assess how the actual distribution of students across classes of a given school-grade deviate from what can be considered an improving distribution of classmates. Pareto improving allocations were not found, nevertheless utilitarian welfare functions yield marginally improving allocations.</subfield>
   </datafield>
   <datafield tag="653" ind2=" " ind1=" ">
      <subfield code="a">Rendiment acadèmic</subfield>
   </datafield>
   <datafield tag="653" ind2=" " ind1=" ">
      <subfield code="a">Aptitud per a l'aprenentatge</subfield>
   </datafield>
   <datafield tag="653" ind2=" " ind1=" ">
      <subfield code="a">Anàlisi de dades de panel</subfield>
   </datafield>
   <datafield tag="653" ind2=" " ind1=" ">
      <subfield code="a">Academic achievement</subfield>
   </datafield>
   <datafield tag="653" ind2=" " ind1=" ">
      <subfield code="a">Learning ability</subfield>
   </datafield>
   <datafield tag="653" ind2=" " ind1=" ">
      <subfield code="a">Panel analysis</subfield>
   </datafield>
   <datafield ind2="0" ind1="0" tag="245">
      <subfield code="a">Class composition effects and school welfare: evidence from Portugal using panel data</subfield>
   </datafield>
</record></metadata></record></GetRecord></OAI-PMH>